00739nam a2200241 a 4500001001300000003000900013005001700022008004100039020002300080082001500103100002400118245002700142260004800169300001000217500003500227505002800262650002300290700002400313902000800337942000700345952012800352999001700480nice12345678IN_TiNIC20260116014144.0140525s2008 bana grp 000 0 eng  a9788170866404c20000a297.1bSAM aSamir, Khalil Samir a111 Questions on Islam aBangalorebAsian Trading Corporation c2008 a265p  aincludes index and biblioraphy2 aglossary, biblio, index aIslam-20th Century1 aSamir, Khalil Samir bSRS cBK 001040708StackRoom-aHMIbHMId2014-05-25g200.00l1o297.1 SAMp024512r2017-03-31s2017-01-31v200.00w2014-05-25yBK c14117d14117